[Event "World Rapid Women 2018"]
[Site "St Petersburg RUS"]
[Date "2018.12.26"]
[Round "4.21"]
[White "Tsolakidou, Stavroula"]
[Black "Guseva, Marina"]
[Result "1-0"]
[WhiteTitle "IM"]
[BlackTitle "IM"]
[WhiteElo "2387"]
[BlackElo "2408"]
[WhiteFideId "4264312"]
[BlackFideId "4149351"]
[EventDate "2018.12.26"]

1. Nf3 d5 2. d4 Nf6 3. c4 c6 4. g3 Bf5 5. Nc3 e6 6. Nh4 Bg4 7. h3 Bh5 8. g4 Bg6
9. Nxg6 hxg6 10. g5 Nfd7 11. Qd3 dxc4 12. Qxc4 Nb6 13. Qd3 Nd5 14. a3 Nd7 15. h4
Qc7 16. Qf3 a5 17. Bd2 Nxc3 18. Bxc3 Nb6 19. e4 Na4 20. Bd2 Qb6 21. d5 Qxb2 22.
Rd1 Nc5 23. Rh3 Qe5 24. dxc6 bxc6 25. Bf4 Qb2 26. Bg2 Be7 27. h5 gxh5 28. Rxh5
Rxh5 29. Qxh5 Qc3+ 30. Kf1 Qc4+ 31. Kg1 Qc2 32. Qh8+ Bf8 33. Rc1 Qd3 34. Rxc5
Qxa3 35. Rxc6 Rd8 36. g6 fxg6 37. Qh4 Rd1+ 38. Kh2 Bd6 39. Qg4 Bxf4+ 40. Qxf4
Qe7 41. Rc8+ Rd8 42. Rc7 Rd7 43. Rxd7 Qxd7 44. e5 a4 45. Qc4 Kf7 46. Be4 Qd2 47.
Kg2 Qg5+ 48. Kf3 Qxe5 49. Qxa4 Qc3+ 50. Kg2 Qe5 51. Qd7+ Kf6 52. Qd8+ Kf7 53.
Qd3 Qg5+ 54. Qg3 Qh5 55. Qf3+ Ke7 56. Qg3 Kf6 57. Qf4+ Ke7 58. Bc6 Qf5 59. Qb4+
Kf7 60. Qd4 Qg5+ 61. Kf3 Qf5+ 62. Ke3 Kg8 63. Qd8+ Kh7 64. Be4 Qc5+ 65. Ke2 Qh5+
66. Kf1 Qh3+ 67. Ke1 Qc3+ 68. Ke2 Qb2+ 69. Qd2 Qe5 70. Qd3 Qf6 71. Ke3 Kh6 72.
Qd2 Qe5 73. Kd3+ Kh7 74. Qe3 Qb5+ 75. Kc3 Qe5+ 76. Kc4 Qc7+ 77. Kb5 Qd7+ 78. Bc6
Qd6 79. Kb6 Kg8 80. Kb7 Kf7 81. Qf3+ Ke7 82. Qc3 e5 83. Be4 g5 84. f3 Kf6 85.
Qc8 Qb4+ 86. Kc7 Qc5+ 87. Bc6 Qe7+ 88. Kb6 Qb4+ 89. Bb5 Qd6+ 90. Ka5 Qa3+ 91.
Ba4 Qd6 92. Bc2 Qa3+ 93. Kb5 Qb2+ 94. Ka4 Qd4+ 95. Kb3 Qb6+ 96. Ka2 Qa5+ 97. Kb2
Qb4+ 98. Bb3 Qd2+ 99. Bc2 Qb4+ 100. Kc1 Qe1+ 101. Bd1 Qe3+ 102. Kc2 e4 103. Qf8+
Kg6 104. Qe8+ Kf5 105. Qf7+ Ke5 106. Qxg7+ Kf4 107. Qf6+ Kg3 108. Qe5+ Qf4 109.
Qxe4 Qc7+ 110. Kd3 Qd7+ 111. Qd4 Qb5+ 112. Ke3 Kg2 113. Be2 Qa5 114. Ke4 Qa2
115. Qc4 Qb1+ 116. Ke5 Kf2 117. Kf6 Qh7 118. Kxg5 Qg7+ 119. Kf5 Qh7+ 120. Ke5
Qg7+ 121. Ke4 Qe7+ 122. Kd4 Qd6+ 123. Kc3 Qa3+ 124. Kc2 Ke3 125. Qc3+ 1-0

[Event "World Rapid Women 2018"]
[Site "St Petersburg RUS"]
[Date "2018.12.26"]
[Round "4.22"]
[White "Tokhirjonova, Gulrukhbegim"]
[Black "Assaubayeva, Bibisara"]
[Result "1/2-1/2"]
[WhiteTitle "WGM"]
[BlackTitle "FM"]
[WhiteElo "2444"]
[BlackElo "2372"]
[WhiteFideId "14203626"]
[BlackFideId "13708694"]
[EventDate "2018.12.26"]

1. e4 e5 2. Nf3 Nc6 3. Bb5 a6 4. Ba4 Nf6 5. O-O b5 6. Bb3 Bb7 7. d3 Be7 8. a3
O-O 9. Nc3 d6 10. Re1 Na5 11. Ba2 c5 12. Bg5 Nc6 13. Qd2 Bc8 14. Nd5 Nxd5 15.
Bxd5 Bd7 16. Be3 Rb8 17. c3 Bf6 18. b4 Qe7 19. Rec1 Rfc8 20. h3 Nd8 21. d4 exd4
22. cxd4 c4 23. e5 dxe5 24. dxe5 Bxe5 25. Nxe5 Qxe5 26. Ba7 Be6 27. Bxe6 Nxe6
28. Bxb8 Rxb8 29. Re1 Qc7 30. Rad1 h6 31. Qd6 Qb7 32. Qd7 Nf4 33. Re8+ Kh7 34.
Qxb7 Rxb7 35. Rc8 Nd3 36. Kf1 Rb6 37. f3 Re6 38. Rd8 Kg6 39. Rd5 h5 40. h4 Kh6
41. Rd4 Kg6 42. Re4 Rd6 43. Ke2 f5 44. Re8 Nf4+ 45. Ke1 Nxg2+ 46. Ke2 Nf4+ 47.
Ke1 Ng2+ 48. Ke2 Nf4+ 49. Ke1 Ng2+ 1/2-1/2

[Event "World Rapid Women 2018"]
[Site "St Petersburg RUS"]
[Date "2018.12.26"]
[Round "4.23"]
[White "Utiatskaja, Irina"]
[Black "Bivol, Alina"]
[Result "0-1"]
[WhiteTitle "WIM"]
[BlackTitle "WGM"]
[WhiteElo "2246"]
[BlackElo "2393"]
[WhiteFideId "24140848"]
[BlackFideId "4100123"]
[EventDate "2018.12.26"]

1. Nf3 Nf6 2. c4 g6 3. Nc3 Bg7 4. e4 d6 5. d4 O-O 6. Be2 Bg4 7. O-O Nfd7 8. Be3
e5 9. d5 a5 10. h3 Bxf3 11. Bxf3 Na6 12. Be2 f5 13. exf5 gxf5 14. f4 Qe7 15. Qd2
Nac5 16. Rae1 e4 17. Nb5 Nb6 18. Nd4 Rf6 19. Kh2 a4 20. Rg1 Raf8 21. b4 axb3 22.
axb3 Rg6 23. b4 Bxd4 24. Qxd4 Ncd7 25. g4 Qf6 26. Qd1 Qh4 27. gxf5 Rxf5 28. Bg4
Rff6 29. Be6+ Kf8 30. f5 Rxg1 31. Rxg1 Ne5 32. Rg8+ Ke7 33. Rg7+ Ke8 34. Rg8+
Rf8 35. Rxf8+ Kxf8 36. Qf1 Nbxc4 37. Qg2 Nf3+ 38. Kh1 Qe1+ 39. Bg1 Qxg1+ 40.
Qxg1 Nxg1 41. Kxg1 Ke7 42. Bc8 b6 43. Kf2 Kf6 44. b5 Ke5 45. Kg3 Ne3 46. f6 Kxf6
47. Kf4 Nxd5+ 48. Kxe4 Nc3+ 0-1

[Event "World Rapid Women 2018"]
[Site "St Petersburg RUS"]
[Date "2018.12.26"]
[Round "4.24"]
[White "Protopopova, Anastasiya"]
[Black "Buksa, Nataliya"]
[Result "1/2-1/2"]
[WhiteTitle "WFM"]
[BlackTitle "IM"]
[WhiteElo "2304"]
[BlackElo "2410"]
[WhiteFideId "24172073"]
[BlackFideId "14123622"]
[EventDate "2018.12.26"]

1. d4 d5 2. Nf3 Nf6 3. c4 e6 4. g3 Bb4+ 5. Bd2 Be7 6. Bg2 O-O 7. O-O c6 8. Qc2
Nbd7 9. Bf4 a5 10. Nbd2 b5 11. b3 Ba6 12. Rfe1 Rc8 13. e4 dxe4 14. Nxe4 Nxe4 15.
Rxe4 bxc4 16. bxc4 c5 17. Rd1 Nf6 18. Ree1 cxd4 19. Rxd4 Qb6 20. Rb1 Qa7 21. Be5
h6 22. Qa4 Bc5 23. Bxf6 gxf6 24. Rg4+ Kh7 25. Qc2+ f5 26. Rh4 Be7 27. Rh3 Kg7
28. Qc3+ Bf6 29. Qxa5 Rfd8 30. g4 Rc5 31. Qa3 fxg4 32. Rg3 h5 33. h3 Rxc4 34.
Bf1 Rc3 35. Qxa6 Qxa6 36. Bxa6 Rxf3 37. Rxf3 gxf3 38. Rb3 Ra8 39. Bf1 Rxa2 40.
Rxf3 Bd4 41. Kg2 Rd2 42. Bc4 Kg6 43. Bb3 h4 44. Rf4 Bc5 45. Bc4 Bb6 46. Bb3 Kg7
47. Bc4 Rb2 48. Rf3 Bd4 49. Rf4 Bc5 50. Rf3 Kg6 51. Rf4 Bb6 52. Rf3 Bc7 53. Bd3+
f5 54. Bc4 Kf6 55. Rb3 Rc2 56. Bd3 Rd2 57. Kf1 Kg5 58. Ke1 Ba5 59. Kf1 Kf4 60.
Be2 Bc7 61. Rb4+ Kg5 62. Rb7 Rc2 63. Bd3 Rc1+ 64. Ke2 Kf6 65. Rb1 Rc3 66. Rb4
Kg5 67. Rc4 Rxc4 68. Bxc4 e5 69. Be6 Bb6 70. Bc8 Kf4 71. f3 Bc5 72. Bd7 e4 73.
fxe4 Kxe4 74. Bxf5+ Kxf5 75. Kf3 1/2-1/2

[Event "World Rapid Women 2018"]
[Site "St Petersburg RUS"]
[Date "2018.12.26"]
[Round "4.25"]
[White "Gritsayeva, Oksana"]
[Black "Doan, Thi Van Anh"]
[Result "0-1"]
[WhiteTitle "WFM"]
[BlackTitle "WFM"]
[WhiteElo "2378"]
[BlackElo "1950"]
[WhiteFideId "14104652"]
[BlackFideId "12400491"]
[EventDate "2018.12.26"]

1. e4 c6 2. Nc3 d5 3. Nf3 dxe4 4. Nxe4 Nf6 5. Nxf6+ exf6 6. d4 Bf5 7. c3 Bd6 8.
Bd3 Bxd3 9. Qxd3 O-O 10. O-O Nd7 11. Be3 Rc8 12. Rfd1 Qc7 13. c4 Rfe8 14. a3 g6
15. b4 Bf4 16. Bxf4 Qxf4 17. c5 Rcd8 18. g3 Qg4 19. d5 cxd5 20. Qxd5 Nxc5 21.
Qxd8 Rxd8 22. Rxd8+ Kg7 23. bxc5 Qxf3 24. Rb1 Qc6 25. h4 f5 26. Rb4 a5 27. Rc4
b6 28. cxb6 Qxb6 29. Rcd4 Qb1+ 30. Kg2 Qb7+ 31. R8d5 f4 32. a4 fxg3 33. fxg3 Qc6
34. Kh2 Qc2+ 35. Kg1 Qc3 36. Kg2 f5 37. Rd6 Qc2+ 38. Kf3 Qc3+ 39. Kf4 Qc1+ 40.
Kf3 Qf1+ 41. Ke3 Qg2 42. Rd7+ Kh6 43. Kf4 Qf2+ 44. Ke5 Qxg3+ 45. Kf6 f4 46. Kf7
f3 47. Kg8 Qb8+ 48. Rd8 Qb3+ 49. Kh8 f2 0-1

[Event "World Rapid Women 2018"]
[Site "St Petersburg RUS"]
[Date "2018.12.26"]
[Round "4.26"]
[White "Yurasova, Daria"]
[Black "Dordzhieva, Dinara"]
[Result "0-1"]
[BlackTitle "WIM"]
[WhiteElo "2190"]
[BlackElo "2340"]
[WhiteFideId "34146919"]
[BlackFideId "24157570"]
[EventDate "2018.12.26"]

1. d4 d5 2. c4 e6 3. Nf3 Nf6 4. g3 Be7 5. Bg2 O-O 6. O-O c6 7. cxd5 exd5 8. Nc3
h6 9. a3 Bf5 10. b4 a6 11. Bb2 Nbd7 12. Na4 Nb6 13. Nc5 Qc8 14. a4 Nc4 15. Qb3
b6 16. Nd3 Ne4 17. Rfd1 b5 18. a5 Re8 19. Bc1 Bf6 20. h4 Bg4 21. Nde5 Bh3 22.
Bh1 Nxe5 23. dxe5 Bxe5 24. Nxe5 Rxe5 25. Bb2 Re6 26. Rac1 Qe8 27. Qd3 Bf5 28.
Qd4 Nf6 29. Bf3 h5 30. Qb6 Be4 31. Rc3 Bxf3 32. Rxf3 Ng4 33. e3 f6 34. Bd4 Qe7
35. Rc1 Qd7 36. Rf5 Rc8 37. Qxa6 Rd6 38. Rf4 c5 39. Qxd6 Qxd6 40. Bxc5 Qe6 41.
Kg2 Ne5 42. Rd1 Nd7 43. Ba7 Rc4 44. Rfd4 Rxd4 45. Rxd4 Ne5 46. Bc5 Nc6 47. Rd2
Nxb4 48. Bb6 Qe4+ 49. f3 Qc4 50. Rd4 Qc2+ 51. Kh3 Nd3 52. g4 Nf2+ 53. Kg3 Nh1+
54. Kf4 Qh2+ 55. Kf5 Kf7 56. gxh5 Qe5+ 57. Kg4 Nf2# 0-1

[Event "World Rapid Women 2018"]
[Site "St Petersburg RUS"]
[Date "2018.12.26"]
[Round "4.27"]
[White "Tomilova, Elena"]
[Black "Komiagina, Maria"]
[Result "1/2-1/2"]
[WhiteTitle "WIM"]
[BlackTitle "WIM"]
[WhiteElo "2338"]
[BlackElo "2234"]
[WhiteFideId "4162340"]
[BlackFideId "4153987"]
[EventDate "2018.12.26"]

1. d4 Nf6 2. Bg5 Ne4 3. Bf4 g6 4. f3 Nf6 5. Nc3 d6 6. e4 Nbd7 7. Qd2 a6 8. O-O-O
b5 9. e5 b4 10. Nce2 Nd5 11. Bh6 N7b6 12. Ng3 Be6 13. Bxf8 Rxf8 14. N1e2 Qd7 15.
b3 a5 16. Ne4 a4 17. Kb2 Qc6 18. c4 bxc3+ 19. N2xc3 Qb7 20. exd6 exd6 21. Bb5+
Ke7 22. Rhe1 c6 23. Qg5+ f6 24. Qg3 Qd7 25. Bd3 axb3 26. axb3 Nxc3 27. Nxc3 Kf7
28. Ra1 Rxa1 29. Rxa1 Rb8 30. Qf2 Nd5 31. Nxd5 Bxd5 32. Ra3 Qe6 33. Qh4 Kg8 34.
Bc2 1/2-1/2

[Event "World Rapid Women 2018"]
[Site "St Petersburg RUS"]
[Date "2018.12.26"]
[Round "4.28"]
[White "Munkhzul, Turmunkh"]
[Black "Nguyen, Thi Mai Hung"]
[Result "1/2-1/2"]
[WhiteTitle "WFM"]
[BlackTitle "WGM"]
[WhiteElo "2255"]
[BlackElo "2280"]
[WhiteFideId "4901878"]
[BlackFideId "12401676"]
[EventDate "2018.12.26"]

1. e4 c5 2. Nf3 g6 3. d4 cxd4 4. Nxd4 Nc6 5. c4 Nf6 6. Nc3 Nxd4 7. Qxd4 d6 8.
Be2 Bg7 9. Be3 O-O 10. Qd2 Qa5 11. O-O Be6 12. f3 Rfc8 13. b3 Nd7 14. Rac1 a6
15. Nb1 Qxd2 16. Nxd2 Rc7 17. Nb1 Rac8 18. Rcd1 Ne5 19. f4 Ng4 20. Bb6 Rc6 21.
Bd4 Bxd4+ 22. Rxd4 Nf6 23. Na3 Rc5 24. h3 Ra5 25. Nb1 Rxa2 26. Bf3 Rc7 27. Nd2
Rb2 28. g4 Bc8 29. Rb1 Rxb1+ 30. Nxb1 Nd7 31. Nc3 Nb6 32. Kf2 Kf8 33. Ke3 Rc5
34. Kd3 Be6 35. e5 dxe5 36. fxe5 Bc8 37. b4 Rc7 38. Rd8+ Kg7 39. Nd5 Nxd5 40.
Bxd5 Bd7 41. Rb8 Bc8 42. b5 axb5 43. cxb5 Be6 44. Rxb7 Rc5 45. Bxe6 fxe6 46.
Rxe7+ Kf8 47. Rxe6 Rxb5 48. Ke4 Rb3 49. Rf6+ Ke7 50. Rf3 Rb4+ 51. Kd5 Rb5+ 52.
Kd4 Rb4+ 53. Kc5 Ra4 54. Rb3 Ke6 55. Rb7 h5 56. Rb6+ Kxe5 57. Rxg6 hxg4 58. hxg4
Ra1 59. Rg8 Rc1+ 60. Kb4 Rg1 61. g5 Kf5 62. Rf8+ Kg6 63. Rg8+ Kf7 1/2-1/2

[Event "World Rapid Women 2018"]
[Site "St Petersburg RUS"]
[Date "2018.12.26"]
[Round "4.29"]
[White "Harika, Dronavalli"]
[Black "Maltsevskaya, Aleksandra"]
[Result "1/2-1/2"]
[WhiteTitle "GM"]
[BlackTitle "WGM"]
[WhiteElo "2494"]
[BlackElo "2243"]
[WhiteFideId "5015197"]
[BlackFideId "24174041"]
[EventDate "2018.12.26"]

1. g3 Nf6 2. Bg2 g6 3. Nf3 Bg7 4. O-O O-O 5. d3 d6 6. e4 e5 7. Re1 Nc6 8. Nbd2
Ne8 9. c3 f5 10. Nc4 Nf6 11. exf5 gxf5 12. d4 e4 13. Ng5 d5 14. Na3 Ne7 15. Nc2
f4 16. Bxf4 h6 17. Nh3 Bg4 18. Qd2 Qd7 19. Bxh6 Bxh3 20. Qg5 Rf7 21. Bxg7 Rxg7
22. Qxf6 Bxg2 23. Kxg2 Rf8 24. Qh6 Qg4 25. Ne3 Qf3+ 26. Kg1 Qxf2+ 27. Kh1 Qf3+
28. Kg1 Qf2+ 29. Kh1 Qf3+ 30. Kg1 Qf2+ 1/2-1/2

[Event "World Rapid Women 2018"]
[Site "St Petersburg RUS"]
[Date "2018.12.26"]
[Round "4.30"]
[White "Bodnaruk, Anastasia"]
[Black "Vasilevich, Irina"]
[Result "1-0"]
[WhiteTitle "IM"]
[BlackTitle "IM"]
[WhiteElo "2420"]
[BlackElo "2258"]
[WhiteFideId "4181751"]
[BlackFideId "4141296"]
[EventDate "2018.12.26"]

1. e4 c5 2. Nf3 e6 3. d4 cxd4 4. Nxd4 Nc6 5. Nc3 a6 6. Be2 Qc7 7. Be3 Nf6 8. O-O
Bb4 9. Na4 Bd6 10. g3 b5 11. Nb6 Rb8 12. Nxc8 Rxc8 13. Nxc6 Qxc6 14. Bd3 Be5 15.
c3 Nxe4 16. a4 O-O 17. axb5 axb5 18. Ra5 Rb8 19. Qe2 f5 20. Bxb5 Qc7 21. Ra7 Rb7
22. Rxb7 Qxb7 23. f3 Nd6 24. Ba6 Qc7 25. Bf2 Bf6 26. Rd1 Nf7 27. c4 f4 28. c5
fxg3 29. hxg3 Rb8 30. Rd2 Qc6 31. Bd3 Ne5 32. Be4 Qa4 33. Kg2 Nc4 34. Bc2 Qb4
35. Rxd7 Ne5 36. Rd1 Qc4 37. Qxc4 Nxc4 38. b3 Na3 39. Be4 Rxb3 40. c6 Nb5 41.
Rd7 Rb2 42. Kf1 Be5 43. Rd8+ Kf7 44. Bxh7 g6 45. Bg8+ Kf6 46. Rd7 Rb1+ 47. Kg2
Bc7 48. f4 g5 49. fxg5+ Kxg5 50. Bxe6 Kf6 51. Bc4 Rb2 52. Kf3 Be5 53. Rb7 Nd6
54. Rxb2 Bxb2 55. c7 Ba3 56. Ba6 Ke7 57. c8=Q 1-0

[Event "World Rapid Women 2018"]
[Site "St Petersburg RUS"]
[Date "2018.12.26"]
[Round "4.31"]
[White "Sviridova, Vlada"]
[Black "Batsiashvili, Nino"]
[Result "0-1"]
[WhiteTitle "WFM"]
[BlackTitle "GM"]
[WhiteElo "2144"]
[BlackElo "2459"]
[WhiteFideId "24109606"]
[BlackFideId "13602993"]
[EventDate "2018.12.26"]

1. d4 Nf6 2. c4 e6 3. Nf3 d5 4. Nc3 Bb4 5. Bg5 h6 6. Bxf6 Qxf6 7. e3 O-O 8. Rc1
c6 9. a3 Ba5 10. b4 Bb6 11. cxd5 exd5 12. Be2 Qg6 13. O-O Bh3 14. Ne1 Bf5 15.
Nd3 Nd7 16. Kh1 Qd6 17. g4 Bc7 18. f4 Bh7 19. Qd2 Rfe8 20. Bf3 Nb6 21. Nb2 Re7
22. Nca4 Rae8 23. Rfe1 Nxa4 24. Nxa4 g5 25. Nc5 gxf4 26. Nxb7 fxe3 27. Qg2 Qf6
28. Rcd1 Qh4 29. Re2 Re6 30. Nc5 Rf6 31. Rf1 Re7 32. Kg1 Bd6 33. Rd1 Rf4 34.
Rde1 Rxd4 35. Rxe3 Qxe1+ 36. Rxe1 Rxe1+ 37. Kf2 Rc1 38. Qh3 Rd2+ 39. Be2 Rcc2
40. Qxh6 Rxe2+ 41. Kf1 Bxc5 42. bxc5 Rxh2 43. Qg5+ Bg6 44. Kg1 Rhd2 0-1

[Event "World Rapid Women 2018"]
[Site "St Petersburg RUS"]
[Date "2018.12.26"]
[Round "4.32"]
[White "Gaponenko, Inna"]
[Black "Shafigullina, Zarina"]
[Result "1-0"]
[WhiteTitle "IM"]
[BlackTitle "WFM"]
[WhiteElo "2420"]
[BlackElo "2140"]
[WhiteFideId "14101181"]
[BlackFideId "24174220"]
[EventDate "2018.12.26"]

1. e4 c5 2. c3 d5 3. exd5 Qxd5 4. d4 Nf6 5. Nf3 Bg4 6. Be2 e6 7. h3 Bh5 8. O-O
Nc6 9. Be3 cxd4 10. cxd4 Be7 11. Nc3 Qd6 12. a3 Rd8 13. Qb3 O-O 14. Rfd1 h6 15.
Rac1 Qb8 16. d5 exd5 17. Nxd5 Nxd5 18. Rxd5 Rxd5 19. Qxd5 Bg6 20. Bb5 Rd8 21.
Qb3 Be4 22. Bc4 Rf8 23. Nd2 Na5 24. Qc3 Nxc4 25. Nxc4 Rd8 26. Bd4 Qf4 27. Re1
Bf8 28. Bxa7 b5 29. Qe5 Qxe5 30. Nxe5 Bf5 31. Nc6 Rd2 32. Bd4 Be6 33. Bc3 Rd3
34. Nd4 Bc4 35. Re8 f6 36. Bb4 Rxd4 37. Rxf8+ Kh7 38. Rc8 Rd7 39. Rc5 Rd5 40.
Rc7 Bb3 41. Bf8 Rg5 42. h4 Rg6 43. f3 Bd5 44. Kf2 Kg8 45. Bb4 Bb3 46. Rc5 Bc4
47. a4 Bb3 48. a5 f5 49. Rxb5 Rc6 50. Bc3 Be6 51. Rb8+ Rc8 52. Rb7 Bf7 53. a6 g5
54. hxg5 hxg5 55. a7 1-0

[Event "World Rapid Women 2018"]
[Site "St Petersburg RUS"]
[Date "2018.12.26"]
[Round "4.33"]
[White "Garifullina, Leya"]
[Black "Tsatsalashvili, Keti"]
[Result "1-0"]
[WhiteTitle "WCM"]
[BlackTitle "WGM"]
[WhiteElo "2132"]
[BlackElo "2303"]
[WhiteFideId "34127035"]
[BlackFideId "13603434"]
[EventDate "2018.12.26"]

1. e4 c5 2. Nf3 d6 3. d4 cxd4 4. Nxd4 Nf6 5. Nc3 Bd7 6. Be2 e5 7. Nb3 Bc6 8. Bf3
Be7 9. O-O O-O 10. Re1 a5 11. a4 h6 12. Qe2 Na6 13. Nd2 Bd7 14. Nc4 Be6 15. Be3
Nb4 16. Rac1 Nd7 17. Nb5 d5 18. exd5 Nxd5 19. Bxd5 Bxd5 20. Red1 Bc6 21. Nxe5
Qc8 22. Nxc6 bxc6 23. Nd6 Bxd6 24. Rxd6 Re8 25. Qc4 Ne5 26. Qc3 Qg4 27. h3 Qxa4
28. Bd4 Ng6 29. Bxg7 Nf4 30. Kh2 Qe4 31. f3 Qh7 32. Bxh6 Ne2 33. Qd2 Nxc1 34.
Qg5+ Kh8 35. Qxc1 Re6 36. Rxe6 fxe6 37. Bd2 Qf5 38. Bc3+ Kh7 39. Qe3 Rf8 40. Be5
Rf7 41. Qc3 a4 42. f4 Qe4 43. Qg3 Qg6 44. Qf3 c5 45. Qa8 Qg8 46. Qxa4 Rf8 47.
Qa7+ Qf7 48. Qxc5 Rd8 49. Qc3 Qd7 50. Qg3 Qe7 51. Qe3 Rg8 52. Qe4+ Kh6 53. f5
exf5 54. Bf4+ 1-0

[Event "World Rapid Women 2018"]
[Site "St Petersburg RUS"]
[Date "2018.12.26"]
[Round "4.34"]
[White "Mammadzada, Gunay"]
[Black "Alieva, Alexandra"]
[Result "1-0"]
[WhiteTitle "IM"]
[BlackTitle "WFM"]
[WhiteElo "2422"]
[BlackElo "2102"]
[WhiteFideId "13403729"]
[BlackFideId "24133353"]
[EventDate "2018.12.26"]

1. e4 e5 2. Nf3 Nc6 3. Bb5 a6 4. Ba4 Nf6 5. O-O b5 6. Bb3 Be7 7. Re1 O-O 8. c3
d6 9. d4 Bg4 10. Be3 d5 11. exd5 e4 12. dxc6 exf3 13. gxf3 Bh5 14. Bf4 Bd6 15.
Bg3 Qc8 16. Nd2 Qf5 17. Qc2 Qg5 18. Ne4 Nxe4 19. fxe4 Bf4 20. Qd3 Bd2 21. Rf1
Bf4 22. Kh1 Bg6 23. Qf3 Bxg3 24. fxg3 Rae8 25. e5 h6 26. Qf4 Qe7 27. Rae1 Kh7
28. Kg2 Rd8 29. d5 a5 30. a3 a4 31. Ba2 Qc5 32. Rd1 Rfe8 33. Rfe1 Bc2 34. Rd4
Bg6 35. g4 f6 36. e6 Rd6 37. h4 Kg8 38. Rf1 Re7 39. g5 hxg5 40. hxg5 f5 41. Rh1
Rexe6 42. dxe6 Qxc6+ 43. Kh2 Kf8 44. Rhd1 Ke7 45. Bd5 Qc5 46. Qe5 1-0

[Event "World Rapid Women 2018"]
[Site "St Petersburg RUS"]
[Date "2018.12.26"]
[Round "4.35"]
[White "Vega Gutierrez, Sabrina"]
[Black "Injac, Teodora"]
[Result "1-0"]
[WhiteTitle "IM"]
[BlackTitle "WIM"]
[WhiteElo "2390"]
[BlackElo "2325"]
[WhiteFideId "2219026"]
[BlackFideId "932400"]
[EventDate "2018.12.26"]

1. e4 e6 2. Qe2 c5 3. Nf3 Nc6 4. c3 Nf6 5. g3 Be7 6. Bg2 O-O 7. O-O d6 8. Rd1
Rb8 9. d4 cxd4 10. cxd4 d5 11. e5 Ne4 12. Ne1 f6 13. f3 Ng5 14. Bxg5 fxg5 15.
Nc3 Bd7 16. Qe3 Na5 17. Bf1 b5 18. Bd3 Nc4 19. Qe2 Qb6 20. Kg2 Rbc8 21. a3 g6
22. Bxc4 Rxc4 23. Nc2 a5 24. Qd2 Rcc8 25. Ne3 Kg7 26. Ne2 b4 27. f4 Bb5 28. fxg5
Bxg5 29. h4 Bh6 30. axb4 axb4 31. Rac1 Qa6 32. Rxc8 Rxc8 33. Nf4 Rf8 34. Rc1 Rf7
35. Ng4 Bxf4 36. gxf4 Bc4 37. Nf6 Qb7 38. Ne8+ Kf8 39. Nd6 Qe7 40. Nxf7 Kxf7 41.
Kg3 Kg7 42. Ra1 b3 43. Ra8 Qf7 44. Qc3 Qf5 45. Ra7+ Kh6 46. Ra1 Be2 47. Qe3 Qg4+
48. Kf2 Bc4 49. f5+ Kh5 50. f6 Qxh4+ 51. Kg2 Qg4+ 52. Kh2 1-0

[Event "World Rapid Women 2018"]
[Site "St Petersburg RUS"]
[Date "2018.12.26"]
[Round "4.36"]
[White "Garcia Martin, Marta"]
[Black "Murashova, Ekaterina"]
[Result "1-0"]
[WhiteTitle "FM"]
[BlackTitle "WIM"]
[WhiteElo "2301"]
[BlackElo "2259"]
[WhiteFideId "32084030"]
[BlackFideId "4171985"]
[EventDate "2018.12.26"]

1. e4 c5 2. Nf3 e6 3. c3 Nf6 4. e5 Nd5 5. d4 cxd4 6. cxd4 Nc6 7. a3 d6 8. Bd3
dxe5 9. dxe5 Be7 10. O-O g5 11. Re1 g4 12. Nfd2 h5 13. Nc4 Nb6 14. Nxb6 Qxb6 15.
Nc3 Bd7 16. Be3 Qa5 17. Nb5 Nxe5 18. Bd2 Qb6 19. Rxe5 f6 20. Ba5 Qc6 21. Nc7+
Kf7 22. Bb5 Qd6 23. Re1 Bxb5 24. Qxd6 Bxd6 25. Nxb5 Be5 26. Bc3 Bxc3 27. Nxc3
Rhd8 28. Rad1 Rac8 29. Kf1 a6 30. Ke2 b5 31. Rxd8 Rxd8 32. Rd1 Rc8 33. Rd7+ Kg6
34. Rd6 a5 35. Nxb5 Rc2+ 36. Rd2 Rc1 37. Nd4 Rh1 38. Nxe6 Kf5 39. Nd4+ Kg6 40.
b4 axb4 41. axb4 Rb1 42. b5 f5 43. g3 Kg5 44. Rc2 Rb4 45. Ke3 h4 46. Rc5 hxg3
47. hxg3 Kg6 48. Rxf5 1-0

[Event "World Rapid Women 2018"]
[Site "St Petersburg RUS"]
[Date "2018.12.26"]
[Round "4.37"]
[White "Atalik, Ekaterina"]
[Black "Badelka, Olga"]
[Result "1-0"]
[WhiteTitle "IM"]
[BlackTitle "WIM"]
[WhiteElo "2447"]
[BlackElo "2385"]
[WhiteFideId "4130189"]
[BlackFideId "13509926"]
[EventDate "2018.12.26"]

1. Nf3 c5 2. c4 Nc6 3. Nc3 g6 4. e4 Bg7 5. d3 d6 6. Be2 e6 7. O-O Nge7 8. Bg5 h6
9. Be3 Nd4 10. Qd2 Nec6 11. Rab1 a6 12. Ne1 Rb8 13. f4 O-O 14. Nf3 Nxe2+ 15.
Nxe2 b5 16. b3 Bb7 17. f5 g5 18. Ng3 exf5 19. Nxf5 Ne7 20. Nxg7 Kxg7 21. Qf2 f5
22. Qb2+ Kh7 23. Bxg5 fxe4 24. dxe4 Qd7 25. Bxe7 Qxe7 26. Rbe1 bxc4 27. bxc4 Qe6
28. Qc2 Kh8 29. Qc3+ Kh7 30. Nd2 Bc6 31. Qd3 Rxf1+ 32. Rxf1 Qg6 33. Qc3 Rg8 34.
g3 Rg7 35. Rf6 Qg4 36. Qd3 Rg6 37. e5 Kg7 38. Rxg6+ Qxg6 39. Qxg6+ Kxg6 40. exd6
Kf6 41. Nb3 Ke6 42. Nxc5+ Kxd6 43. Nxa6 Be4 44. Kf2 Kc6 45. Ke3 Bb1 1-0

[Event "World Rapid Women 2018"]
[Site "St Petersburg RUS"]
[Date "2018.12.26"]
[Round "4.38"]
[White "Belenkaya, Dina"]
[Black "Shuvalova, Polina"]
[Result "1/2-1/2"]
[WhiteTitle "WGM"]
[BlackTitle "WIM"]
[WhiteElo "2338"]
[BlackElo "2441"]
[WhiteFideId "24142654"]
[BlackFideId "24171760"]
[EventDate "2018.12.26"]

1. e4 e5 2. Nf3 Nc6 3. Nc3 Nf6 4. d4 exd4 5. Nxd4 Bb4 6. Nxc6 bxc6 7. Bd3 O-O 8.
O-O d5 9. exd5 cxd5 10. Bg5 c6 11. Qf3 Be7 12. h3 h6 13. Bf4 Be6 14. Rfe1 Re8
15. Ne2 Qb6 16. b3 a5 17. a4 Bd7 18. Rad1 Bb4 19. c3 Bc5 20. Bc2 Ne4 21. Nd4
Rad8 22. Bxe4 dxe4 23. Rxe4 Rxe4 24. Qxe4 Be6 25. Be3 Bxd4 26. Rxd4 Rxd4 27.
Bxd4 c5 28. Be3 Bxb3 29. Qe8+ Kh7 30. Qb5 Qe6 31. Qxc5 Bxa4 32. Qxa5 Bc6 33. Qb6
Qd5 34. Qb1+ Kg8 35. Qb8+ Kh7 36. Qg3 f6 37. Bd4 Qe4 38. Kh2 Qd5 39. Qg4 Qd6+
40. Qg3 Qd5 41. Qg4 Qd6+ 42. Kg1 Qd5 43. Be3 Bb7 44. c4 Qc6 45. Qf5+ Kg8 46. Qg4
Kh7 47. f3 Bc8 48. Qd4 Ba6 49. c5 Bb7 50. Qd3+ Kh8 51. Kf2 Qe6 52. Qd8+ Kh7 53.
Qd3+ Kh8 54. Bf4 Bc6 55. Qd8+ Kh7 56. Qd3+ Kh8 57. Qd6 Qe8 58. Be3 Kg8 59. h4 h5
60. Bd4 Kh7 61. Bc3 Kg8 62. Ba5 Kf7 63. Qc7+ Qd7 64. Qxd7+ Bxd7 65. Ke3 Ke6 66.
Kd4 Bb5 67. Bc7 Bf1 68. g3 Be2 69. f4 Bf3 70. Bd6 Bg2 71. Bf8 g6 72. Bd6 Bf3 73.
Bc7 Kd7 74. Bb8 Ke6 75. Ba7 Kd7 76. Bb6 Ke6 77. Bd8 f5 78. Kc4 Be2+ 79. Kd4 Bf3
80. Ba5 Bg2 81. Be1 Bf3 82. Bf2 Bg2 83. Kc4 Bf1+ 84. Kd4 Bg2 85. Kc4 Bf1+ 86.
Kd4 Bg2 87. Kc4 Bf1+ 88. Kd4 1/2-1/2

[Event "World Rapid Women 2018"]
[Site "St Petersburg RUS"]
[Date "2018.12.26"]
[Round "4.39"]
[White "Mamedjarova, Turkan"]
[Black "Arutyunova, Diana"]
[Result "1-0"]
[WhiteTitle "WGM"]
[BlackTitle "WGM"]
[WhiteElo "2295"]
[BlackElo "2227"]
[WhiteFideId "13402005"]
[BlackFideId "14107244"]
[EventDate "2018.12.26"]

1. d4 e6 2. Nf3 f5 3. c4 Nf6 4. Nc3 d6 5. Qc2 Be7 6. e4 d5 7. exd5 exd5 8. c5
O-O 9. Bd3 Qe8 10. O-O c6 11. Bxf5 Bxf5 12. Qxf5 Qd7 13. Qxd7 Nbxd7 14. Re1 Rae8
15. Bg5 Bd8 16. b4 Bc7 17. a4 Rxe1+ 18. Rxe1 Re8 19. Rxe8+ Nxe8 20. Kf1 Kf7 21.
Ke2 Ke6 22. Kd3 a5 23. b5 b6 24. bxc6 Nb8 25. cxb6 Bxb6 26. Ne5 Nc7 27. Bd8 Nba6
28. Bxc7 Bxc7 29. Nb5 Bxe5 30. dxe5 Nb4+ 31. Ke3 Nc2+ 32. Kd2 1-0